[Event "Cellavision Cup 2018"]
[Site "Lund"]
[Date "2018.08.03"]
[Round "1"]
[White "Grandelius, Nils"]
[Black "Helin, Mikael"]
[Result "1-0"]
[WhiteElo "2658"]
[BlackElo "1998"]
[Annotator "TA"]
[PlyCount "65"]
[EventDate "2018.08.03"]
[EventType "swiss"]
[EventCountry "SWE"]
[SourceTitle "playchess.com"]
[Source "ChessBase"]
[SourceQuality "1"]

{[%evp 9,65,31,56,52,51,47,95,46,35,38,58,44,55,-10,39,49,117,27,1,-37,77,25,194,99,326,308,639,640,637,137,127,112,147,152,156,154,150,144,220,54,68,48,157,151,610,608,611,614,588,599,585,592,568,555,1184,1152,1536,1511]} 1. Nf3 c5 2. c4 Nc6 3. d4 cxd4 4. Nxd4 a6 (4... Nf6 5. Nc3 e6 6. a3 Be7 7. e4 O-O 8. Nf3 Qa5 9. Bd2 Qh5 10. Be2 d5 11. cxd5 exd5 12. exd5 Nxd5 13. O-O Nf6 14. Nd4 Qc5 15. Nxc6 Qxc6 {½-½ (45) Carlsen,M (2843)-Anand,V (2760) Stavanger 2018}) 5. g3 e6 6. Bg2 {A30: Englische Eröffnung (Symmetrische Variante)} Qc7 7. O-O Nge7 $146 ({Vorgänger:} 7... Nf6 8. Nc3 Be7 9. b3 O-O 10. e4 d6 11. Be3 Bd7 12. Rc1 Nxd4 13. Bxd4 Rac8 14. a4 Qb8 15. Qe2 e5 16. Be3 h6 17. h3 Rfe8 18. Rfd1 b6 19. Kh2 Qb7 20. f3 Rb8 21. Bf1 {1-0 (53) Haas,C (2198)-Modler,A (2273) Switzerland 2016}) 8. Nc2 {Weiß steht besser.} Ng6 9. Nc3 h5 10. h4 Nce5 11. Ne4 ({Besser ist} 11. Ne3 $14) 11... f5 12. Ng5 Ng4 ({Günstiger ist} 12... Be7 $14) 13. Nf3 (13. Qd4 $1 $16) 13... Bc5 {Und ...Dxg3 würde nun gewinnen.} 14. Ncd4 Bd6 (14... O-O $15 {behält die Oberhand.}) 15. Bg5 (15. Qc2 $1 $16) 15... f4 $2 (15... O-O $11) 16. Qc2 (16. Qd3 $18 N4e5 17. Nxe5 Nxe5 18. Qe4) 16... Kf7 $2 (16... Nf8 $16 {war angesagt.}) 17. e3 $18 fxg3 $2 (17... Rb8 18. Bxf4 (18. gxf4 b5 $18) 18... Nxf4) 18. fxg3 {Weiss droht Se5+ und Matt.} Nf6 19. Bf4 $2 (19. Bxf6 $18 {ist der präzise Gewinnweg. Droht Matt per Sg5+.} gxf6 20. Ng5+ Kg7 21. Rxf6 Kxf6 22. Qf2+ Nf4 23. gxf4 (23. exf4 Ke7 $16)) 19... Nxf4 $16 20. gxf4 {zielt auf Sg5+ ab.} Rh6 21. Rac1 Bc5 22. b4 $1 Bxb4 23. c5 $1 Ba3 {[#]} (23... Ng4 $16) 24. Ne5+ $2 ({Der einzige Zug:} 24. Nf5 $1 $18 {[%cal Rf5h6][%mdl 512]} exf5 25. Qb3+ Ke8 26. Qxa3) 24... Kf8 $1 $14 25. Rb1 $36 {[%mdl 2048] Weiss hat gut koordiniertes Spiel.} Bxc5 (25... Ng4 $14) 26. Rfc1 $16 {Und weiter mit Sd3 wäre nett.} d6 $2 {[#]} (26... Kg8 $16) 27. Rxb7 $1 $18 {[%mdl 512] Weiß steht klar auf Gewinn.} Qxb7 (27... Bxb7 28. Nxe6+) 28. Bxb7 Bxb7 29. Nxe6+ Kg8 30. Nxc5 dxc5 31. Rd1 Re8 32. Qb3+ Kh8 33. Qxb7 {Precision: Weiß = 40%, Schwarz = 18%.} 1-0

[Event "Cellavision Cup 2018"]
[Site "Lund"]
[Date "2018.08.03"]
[Round "1"]
[White "Hansen, Sune Berg"]
[Black "Dahlstrom, Rickard"]
[Result "1-0"]
[WhiteElo "2589"]
[BlackElo "1990"]
[Annotator "ChessBase"]
[PlyCount "71"]
[EventDate "2018.08.03"]
[EventType "swiss"]
[EventCountry "SWE"]
[SourceTitle "playchess.com"]
[Source "ChessBase"]
[SourceQuality "1"]
[TimeControl "900+5"]

1. c4 {[%emt 0:00:00]} c6 {[%emt 0:00:00]} 2. Nf3 {[%emt 0:00:08]} d5 {[%emt 0:00:00]} 3. e3 {[%emt 0:00:01]} Nf6 {[%emt 0:00:04]} 4. Nc3 {[%emt 0:00:01]} a6 {[%emt 0:00:06]} 5. Qc2 {[%emt 0:00:11]} g6 {[%emt 0:00:30]} 6. d4 {[%emt 0:00:06]} Bg7 {[%emt 0:00:06]} 7. Bd3 {[%emt 0:00:11]} O-O {[%emt 0:00:06]} 8. O-O {[%emt 0:00:04]} Nbd7 {[%emt 0:00:20]} 9. Rd1 {[%emt 0:00:11]} Qc7 {[%emt 0:00:47]} 10. Bd2 {[%emt 0:00:48]} e5 {[%emt 0:01:13]} 11. cxd5 {[%emt 0:00:03]} cxd5 {[%emt 0:00:38]} 12. Rac1 {[%emt 0:00:08]} Qd6 {[%emt 0:01:13]} 13. dxe5 {[%emt 0:00:08]} Nxe5 {[%emt 0:00:01]} 14. Nxe5 {[%emt 0:00:17]} Qxe5 {[%emt 0:00:02]} 15. h3 {[%emt 0:00:03]} Be6 {[%emt 0:00:23]} 16. Ne2 {[%emt 0:00:10]} Rac8 {[%emt 0:00:48]} 17. Bc3 {[%emt 0:00:10]} Qg5 {[%emt 0:00:47]} 18. Nf4 {[%emt 0:00:11]} Bd7 {[%emt 0:01:10]} 19. Qb3 {[%emt 0:00:27]} Bc6 {[%emt 0:00:06]} 20. Bd4 {[%emt 0:00:16]} Ne4 {[%emt 0:00:31]} 21. Qb4 {[%emt 0:01:18]} Rfd8 {[%emt 0:00:58]} 22. Bxg7 {[%emt 0:00:39]} Kxg7 {[%emt 0:00:01]} 23. Qd4+ {[%emt 0:00:02]} Kg8 {[%emt 0:01:04]} 24. Be2 {[%emt 0:00:24]} Qe7 {[%emt 0:00:27]} 25. Bg4 {[%emt 0:00:22]} Rb8 {[%emt 0:00:19]} 26. Rc2 {[%emt 0:00:26]} Rd6 {[%emt 0:01:11]} 27. Qb4 {[%emt 0:01:16]} Rbd8 {[%emt 0:00:05]} 28. Ne2 {[%emt 0:00:16]} h5 {[%emt 0:00:29]} 29. Bf3 {[%emt 0:00:06]} Ng5 {[%emt 0:00:01]} 30. Nd4 {[%emt 0:00:28]} Nxf3+ {[%emt 0:00:13]} 31. Nxf3 {[%emt 0:00:02]} b5 {[%emt 0:00:28]} 32. Qd4 {[%emt 0:00:24]} Bb7 {[%emt 0:00:22]} 33. Rdc1 {[%emt 0:00:14]} Re6 {[%emt 0:00:23]} 34. Rc7 {[%emt 0:00:16]} Rd7 {[%emt 0:00:04]} 35. Rxb7 {[%emt 0:00:18]} Rxb7 {[%emt 0:00:32]} 36. Rc8+ 1-0

[Event "Cellavision Cup 2018"]
[Site "Lund"]
[Date "2018.08.03"]
[Round "1"]
[White "Hillarp Persson, Tiger"]
[Black "Mortensen, Henrik"]
[Result "1-0"]
[WhiteElo "2542"]
[BlackElo "1978"]
[Annotator "TA"]
[PlyCount "53"]
[EventDate "2018.08.03"]
[EventType "swiss"]
[EventCountry "SWE"]
[SourceTitle "playchess.com"]
[Source "ChessBase"]
[SourceQuality "1"]

{[%evp 10,53,31,30,51,20,28,16,25,26,26,23,45,23,30,30,35,36,37,-13,79,68,58,9,84,97,132,59,102,91,148,120,125,109,121,126,126,123,152,116,163,118,251,193,665,637]} 1. e4 d5 2. exd5 Qxd5 3. Nc3 Qa5 4. Bc4 Nf6 5. Nge2 c6 (5... Nc6 6. O-O Bg4 7. d3 e6 8. f3 Bf5 9. Ng3 Bg6 10. Bd2 Qb6+ 11. Kh1 O-O-O 12. a3 h5 13. Re1 {0-1 (22) Zinchenko,Y (2546)-Bauer,C (2607) Metz 2010}) 6. O-O {LiveBook: 5 Games. B01: Scandinavian Defence} g6 7. Rb1 $146 ({Predecessor:} 7. d3 Bg7 8. Bf4 O-O 9. Qd2 Rd8 10. Bh6 Bh8 11. Ng3 Na6 12. Rae1 e6 13. Bg5 {½-½ (35) Petzold,L (2261)-Geske,J (2372) Germany 2011}) 7... Bg7 8. b4 {White has an edge.} Qd8 9. a4 O-O 10. d3 e5 11. h3 Qe7 12. Re1 Be6 13. Bxe6 Qxe6 14. Ng3 Rd8 {[#]} (14... Nd5 $11 15. Na2 Nd7) 15. f4 $1 $36 {[%cal Bf2f4,Bf4f5][%mdl 2080] White is pushing.} Nd5 16. Nxd5 (16. f5 $5 Qc8 17. Bd2 $14) 16... Qxd5 (16... cxd5 $11 {keeps the balance.} 17. Qf3 Nd7) 17. f5 Nd7 18. Kh1 (18. c4 $16 Qd6 19. Ne4) 18... Nf6 19. Bg5 Re8 ({Black should play} 19... b6) 20. Bxf6 Bxf6 21. Ne4 Bg7 22. Rf1 Rad8 23. Qe2 Qd4 24. Qf3 ({Don't play} 24. fxg6 $6 hxg6 25. g4 Qd7 $14) 24... Rf8 25. a5 Rd5 (25... gxf5 $16 {was necessary.} 26. Qxf5 Qd7) 26. g4 Rb5 $2 {[#]} (26... f6 27. g5 fxg5) 27. c4 {Precision: White = 58%, Black = 16%.} 1-0

[Event "Cellavision Cup 2018"]
[Site "Lund"]
[Date "2018.08.03"]
[Round "1"]
[White "Sivuk, Vitaly"]
[Black "Ranby, Hans"]
[Result "1-0"]
[WhiteElo "2535"]
[BlackElo "1968"]
[Annotator "TA"]
[PlyCount "77"]
[EventDate "2018.08.03"]
[EventType "swiss"]
[EventCountry "SWE"]
[SourceTitle "playchess.com"]
[Source "ChessBase"]
[SourceQuality "1"]

{[%evp 12,77,47,39,55,54,62,40,102,70,103,99,112,99,140,145,154,154,175,154,257,247,276,232,300,248,465,480,465,472,531,383,449,451,392,387,508,508,494,329,329,317,318,284,302,312,488,314,334,330,304,247,298,285,283,279,359,188,524,504,706,673,833,685,29994,29993,29997,29998]} 1. e4 g6 2. d4 Bg7 3. Nf3 d6 4. Bc4 e6 5. Bb3 Ne7 6. O-O O-O {B06: Modern Defence} 7. Re1 {LiveBook: 12 Games} Nbc6 $146 ({Predecessor:} 7... Nd7 8. c3 a6 9. Nbd2 b5 10. Nf1 c5 11. Ng3 Bb7 12. Bf4 e5 13. Be3 exd4 14. cxd4 {0-1 (40) Grandelius,N (2653)-Dubov,D (2677) Germany 2017}) 8. c3 Bd7 {White is slightly better.} 9. Nbd2 {[%cal Bb1d2,Bd2f1,Bf1h2,Bh2g4,Bg4f6][%mdl 32]} d5 (9... e5 $14) 10. e5 Nf5 11. Nf1 Na5 12. Bc2 Nc4 13. b3 Nb6 14. a4 Bc6 15. h3 Qd7 (15... Nd7 $16 {was necessary.} 16. Ne3 Nxe3 17. Bxe3 (17. fxe3 f6 $14) (17. Rxe3 b6 $16) 17... b6) 16. N1h2 $18 Rae8 17. Ng4 Nc8 18. Ba3 Nce7 $2 {[#]} (18... Qd8 {was worth a try.} 19. Bxf8 Rxf8) 19. Nf6+ Bxf6 20. exf6 Nc8 21. g4 Nfd6 22. Qd2 {[#] White wants to mate with Qh6.} Qd8 23. Qg5 ({Less strong is} 23. Qh6 Qxf6 24. Ne5 (24. Ng5 Qg7 $11) 24... Qg7 $11) 23... Ne4 24. Bxe4 dxe4 25. Bxf8 Rxf8 26. Ne5 Nd6 27. Qh4 Ne8 28. g5 Qd5 (28... Nd6 {was called for.} 29. Qf4 Qe8) 29. Nxc6 Qxc6 30. c4 Nd6 31. Qf4 Qa6 32. Re3 Qa5 33. Rd1 Qb4 {Black hopes to continue with ...Nf5.} 34. h4 (34. d5 $142) 34... a6 $2 (34... Nf5 {is tougher.} 35. Rh3 (35. Qxe4 Nxe3 36. Qxe3 Rd8 $16) (35. Rxe4 Qxb3 36. Rc1 c6 $16) 35... e3 36. fxe3 Qxb3) 35. h5 b5 36. axb5 axb5 37. hxg6 hxg6 38. Rh3 Ra8 39. Qh4 {Precision: White = 52%, Black = 20%.} 1-0

[Event "Cellavision Cup 2018"]
[Site "Lund"]
[Date "2018.08.03"]
[Round "1"]
[White "Hector, Jonny"]
[Black "Larsson, Per-Olov"]
[Result "1-0"]
[WhiteElo "2491"]
[BlackElo "1959"]
[Annotator "ChessBase"]
[PlyCount "77"]
[EventDate "2018.08.03"]
[EventType "swiss"]
[EventCountry "SWE"]
[SourceTitle "playchess.com"]
[Source "ChessBase"]
[SourceQuality "1"]
[TimeControl "900+5"]

1. e4 {[%emt 0:00:03]} c5 {[%emt 0:00:00]} 2. Nf3 {[%emt 0:00:02]} d6 {[%emt 0:00:03]} 3. d4 {[%emt 0:00:02]} cxd4 {[%emt 0:00:04]} 4. Nxd4 {[%emt 0:00:02]} Nf6 {[%emt 0:00:02]} 5. Nc3 {[%emt 0:00:03]} a6 {[%emt 0:00:04]} 6. Bg5 {[%emt 0:00:03]} Nbd7 {[%emt 0:00:13]} 7. f4 {[%emt 0:00:03]} Qc7 {[%emt 0:00:11]} 8. Qf3 {[%emt 0:00:04]} h6 {[%emt 0:00:20]} 9. Bxf6 {[%emt 0:00:04]} Nxf6 {[%emt 0:00:03]} 10. f5 {[%emt 0:00:03]} Qc5 {[%emt 0:00:31]} 11. Nb3 {[%emt 0:00:05]} Qe5 {[%emt 0:00:28]} 12. Nd2 {[%emt 0:00:03]} b5 {[%emt 0:00:49]} 13. a4 {[%emt 0:00:26]} b4 {[%emt 0:03:00]} 14. Nc4 {[%emt 0:00:03]} Qc5 {[%emt 0:00:58]} 15. Nd5 {[%emt 0:00:33]} Nxd5 {[%emt 0:00:40]} 16. exd5 {[%emt 0:00:02]} Bb7 {[%emt 0:00:22]} 17. O-O-O {[%emt 0:00:20]} Rc8 {[%emt 0:00:22]} 18. Be2 {[%emt 0:00:48]} Rc7 {[%emt 0:01:03]} 19. Qe4 {[%emt 0:00:24]} Kd8 {[%emt 0:00:25]} 20. b3 {[%emt 0:01:14]} e6 {[%emt 0:01:46]} 21. fxe6 {[%emt 0:00:04]} fxe6 {[%emt 0:00:00]} 22. Qxe6 {[%emt 0:00:26]} Re7 {[%emt 0:01:32]} 23. Nxd6 {[%emt 0:00:42]} Rxe6 {[%emt 0:00:59]} 24. Nxb7+ Kc7 25. Nxc5 {[%emt 0:00:08]} Rxe2 {[%emt 0:00:01]} 26. Ne6+ {[%emt 0:00:05]} Kd6 {[%emt 0:00:06]} 27. Rhf1 {[%emt 0:00:40]} Be7 {[%emt 0:00:13]} 28. Nxg7 {[%emt 0:00:12]} Bg5+ {[%emt 0:00:10]} 29. Kb1 {[%emt 0:00:02]} Rc8 {[%emt 0:00:13]} 30. Nf5+ {[%emt 0:00:05]} Ke5 {[%emt 0:00:15]} 31. Nd4 {[%emt 0:00:07]} Rxg2 {[%emt 0:00:20]} 32. Nc6+ {[%emt 0:00:11]} Kd6 {[%emt 0:00:10]} 33. Nxb4 {[%emt 0:00:22]} Rxh2 {[%emt 0:00:08]} 34. Rfe1 {[%emt 0:00:33]} a5 {[%emt 0:00:52]} 35. Re6+ {[%emt 0:00:07]} Kd7 {[%emt 0:00:02]} 36. Nc6 {[%emt 0:00:08]} Rf2 {[%emt 0:00:27]} 37. Rg6 {[%emt 0:01:08]} Rh2 {[%emt 0:00:28]} 38. Ne5+ {[%emt 0:00:14]} Ke7 {[%emt 0:00:13]} 39. d6+ {[%emt 0:00:10]} 1-0

[Event "Cellavision Cup 2018"]
[Site "Lund"]
[Date "2018.08.03"]
[Round "1"]
[White "Gritsak, Orest"]
[Black "Kallerholm, Per"]
[Result "1-0"]
[WhiteElo "2464"]
[BlackElo "1946"]
[Annotator "TA"]
[PlyCount "85"]
[EventDate "2018.08.03"]
[EventType "swiss"]
[EventCountry "SWE"]
[SourceTitle "playchess.com"]
[Source "ChessBase"]
[SourceQuality "1"]

{[%evp 17,85,30,44,16,48,28,29,16,29,16,28,18,51,35,41,41,40,21,37,45,55,47,57,41,36,32,44,28,68,34,47,18,0,10,48,40,51,26,47,18,55,39,61,32,56,48,89,87,96,72,72,67,96,95,181,180,202,188,422,410,852,852,843,832,783,812,1544,1477,1629,880]} 1. Nf3 g6 2. e4 Bg7 3. d4 d6 4. c3 Nc6 5. Bb5 Bd7 6. O-O a6 7. Ba4 e5 8. dxe5 {C76: Ruy Lopez: Deferred Steinitz: 5 c3 Bd7 6 d4 g6} (8. Bg5 f6 9. Be3 Nh6 10. Bb3 Qe7 11. Bd5 Nd8 12. dxe5 dxe5 13. h3 Nhf7 14. Nbd2 Be6 15. Qa4+ Qd7 16. Qxd7+ Kxd7 17. Rad1 Bxd5 {0-1 (52) Fedoseev,V (2718)-Mamedyarov,S (2799) Riadh 2017}) 8... Nxe5 9. Nxe5 Bxe5 {LiveBook: 5 Games} 10. Nd2 {White is slightly better.} (10. Na3 {seems wilder.} Bg7 11. Re1 Ne7 12. Bg5 O-O 13. Bb3) 10... Ne7 11. Nf3 Bg7 12. Re1 O-O 13. h3 $146 Nc6 14. Bg5 f6 15. Bf4 Kh8 16. Bb3 Ne5 17. Bg3 Qe7 18. Nd4 Rae8 19. f4 Nc6 20. Nf3 Na5 21. Bc2 Nc6 22. Qd2 Bh6 23. Qf2 Qg7 24. Nd4 Nxd4 25. cxd4 Re7 26. Rad1 Rfe8 27. Bb1 Qf8 28. Qc2 Bc8 29. Qc3 Bg7 30. Bf2 f5 {[%cal Rf5e4]} 31. e5 dxe5 32. dxe5 Qf7 33. a3 Be6 34. Bc2 $36 {[%mdl 2048] White is pushing.} Rd7 35. Rxd7 Bxd7 (35... Qxd7 $16 36. Bb3 c6) 36. Qxc7 $18 Rc8 37. Bb3 $1 {[#] Qxc8+! is the strong threat.} Qe7 $2 (37... Rxc7 38. Bxf7 Bb5) 38. Qxb7 Qd8 (38... Qe8 $142 39. Qxa6 Ra8) 39. Rd1 {White is clearly winning.} Rc7 40. Qd5 Qe8 41. e6 Bc6 42. Qd8 Re7 43. Bc5 {Precision: White = 31%, Black = 26%.} 1-0

[Event "Cellavision Cup 2018"]
[Site "Lund"]
[Date "2018.08.03"]
[Round "1"]
[White "Cramling, Pia"]
[Black "Sjodahl, Olof"]
[Result "1-0"]
[WhiteElo "2453"]
[BlackElo "1928"]
[Annotator "ChessBase"]
[PlyCount "83"]
[EventDate "2018.08.03"]
[EventType "swiss"]
[EventCountry "SWE"]
[SourceTitle "playchess.com"]
[Source "ChessBase"]
[SourceQuality "1"]
[TimeControl "900+5"]

1. Nf3 {[%emt 0:00:15]} Nf6 {[%emt 0:00:04]} 2. c4 {[%emt 0:00:02]} c5 {[%emt 0:00:11]} 3. Nc3 {[%emt 0:00:02]} Nc6 {[%emt 0:00:08]} 4. g3 {[%emt 0:00:06]} g6 {[%emt 0:00:20]} 5. Bg2 {[%emt 0:00:03]} Bg7 {[%emt 0:00:02]} 6. d4 {[%emt 0:00:04]} cxd4 {[%emt 0:00:18]} 7. Nxd4 {[%emt 0:00:02]} O-O {[%emt 0:00:41]} 8. O-O {[%emt 0:00:02]} Ne8 {[%emt 0:02:05]} 9. e3 {[%emt 0:00:32]} Nxd4 {[%emt 0:01:45]} 10. exd4 {[%emt 0:00:02]} d6 {[%emt 0:00:45]} 11. Bg5 {[%emt 0:01:01]} h6 {[%emt 0:01:17]} 12. Be3 {[%emt 0:00:01]} Nc7 {[%emt 0:00:43]} 13. Qd2 {[%emt 0:00:21]} Kh7 {[%emt 0:00:14]} 14. Rad1 {[%emt 0:00:56]} Rb8 {[%emt 0:01:07]} 15. d5 {[%emt 0:00:53]} a6 {[%emt 0:00:23]} 16. Bb6 {[%emt 0:00:35]} Qd7 {[%emt 0:00:10]} 17. Rfe1 {[%emt 0:00:29]} Na8 {[%emt 0:00:54]} 18. Ba7 {[%emt 0:00:05]} Qc7 {[%emt 0:00:40]} 19. Bxb8 {[%emt 0:00:10]} Qxb8 {[%emt 0:00:01]} 20. Rxe7 {[%emt 0:00:12]} b5 {[%emt 0:00:24]} 21. cxb5 {[%emt 0:00:30]} axb5 {[%emt 0:00:05]} 22. Rde1 {[%emt 0:00:34]} b4 {[%emt 0:00:27]} 23. Nd1 {[%emt 0:00:45]} Nc7 {[%emt 0:00:59]} 24. Qf4 {[%emt 0:00:34]} Bf5 {[%emt 0:00:46]} 25. Qxd6 {[%emt 0:00:34]} Nb5 {[%emt 0:00:30]} 26. Qxb8 {[%emt 0:00:06]} Rxb8 {[%emt 0:00:02]} 27. Rxf7 {[%emt 0:00:32]} Nd6 {[%emt 0:00:06]} 28. Rfe7 {[%emt 0:00:23]} Kg8 {[%emt 0:00:12]} 29. h3 {[%emt 0:00:31]} Bf6 {[%emt 0:00:15]} 30. Ra7 {[%emt 0:00:27]} Bd4 {[%emt 0:00:23]} 31. Ra6 {[%emt 0:00:14]} Nc4 {[%emt 0:00:20]} 32. d6 {[%emt 0:00:33]} Rd8 {[%emt 0:00:02]} 33. Bd5+ {[%emt 0:00:02]} Kg7 {[%emt 0:00:08]} 34. Bxc4 {[%emt 0:00:06]} h5 {[%emt 0:00:05]} 35. Be6 {[%emt 0:01:01]} Bd3 {[%emt 0:00:13]} 36. Rc6 {[%emt 0:00:09]} g5 {[%emt 0:00:28]} 37. d7 {[%emt 0:00:10]} h4 {[%emt 0:00:05]} 38. gxh4 {[%emt 0:00:02]} gxh4 {[%emt 0:00:04]} 39. Rc8 {[%emt 0:00:04]} Bb6 {[%emt 0:00:08]} 40. Ne3 {[%emt 0:00:11]} Kf8 {[%emt 0:00:14]} 41. Nd5 {[%emt 0:00:06]} Ba5 {[%emt 0:00:04]} 42. Re3 {[%emt 0:00:03]} 1-0

[Event "Cellavision Cup 2018"]
[Site "Lund"]
[Date "2018.08.03"]
[Round "1"]
[White "Ahlander, Bjorn"]
[Black "Olsson, Lars F"]
[Result "1-0"]
[WhiteElo "2433"]
[BlackElo "1923"]
[Annotator "TA"]
[PlyCount "71"]
[EventDate "2018.08.03"]
[EventType "swiss"]
[EventCountry "SWE"]
[SourceTitle "playchess.com"]
[Source "ChessBase"]
[SourceQuality "1"]

{[%evp 16,70,57,46,70,62,73,75,114,20,95,91,202,118,130,119,262,122,121,118,131,131,134,116,140,11,241,20,30,16,22,8,0,0,0,0,24,0,65,36,34,43,171,101,110,1,98,70,102,58,58,61,60,57,133,41,29999]} 1. d4 Nf6 2. c4 c5 3. e3 g6 4. Nc3 Bg7 5. Nf3 O-O 6. Be2 b6 7. O-O Bb7 8. d5 d6 9. e4 {[%cal Be3e4,Be4e5][%mdl 32] LiveBook: 15 Games} h6 {E61: King's Indian: Early deviations for White, including Smyslov System} (9... e5 10. a3 h6 11. Bd2 Nbd7 12. Qc1 Kh7 13. Ne1 Qe7 14. b4 Rac8 15. Qb1 Rb8 16. Ra2 Ne8 17. Bd3 {1-0 (51) Kovalenko,I (2684)-Brodowski,P (2444) Tallinn 2016}) 10. h3 $146 ({Predecessor:} 10. Qc2 Nbd7 11. h3 Bc8 12. Nh2 b5 13. Nxb5 a6 14. Nc3 Rb8 15. Rb1 Nb6 16. b3 e5 17. f4 Nh5 18. Bxh5 gxh5 19. f5 Kh7 20. Qe2 Qh4 21. Be3 Bf6 22. Bf2 Qg5 23. h4 {1-0 (23) Jakovljevic,Z (2050)-Ristic,S (2024) Belgrade 2015}) 10... Re8 11. Re1 e5 {White is better.} 12. dxe6 (12. Be3 $16) 12... fxe6 (12... Rxe6 $11 {remains equal.} 13. Bd3 Nc6) 13. e5 $16 Nh7 (13... dxe5 $16 14. Nxe5 g5) 14. Qxd6 (14. exd6 $18 {Hoping for Nb5.} Nc6 15. Be3) 14... Nc6 15. Nb5 Bf8 (15... Re7 $16) 16. Qxd8 (16. Qd3 $18 {is more deadly.} Qxd3 17. Bxd3) 16... Raxd8 17. Be3 a6 18. Nd6 Bxd6 19. exd6 Kg7 20. Red1 (20. a3 $16) 20... Rd7 $2 (20... e5 $1 $11) 21. a3 $2 (21. b4 $1 $18) 21... e5 $1 $11 22. b4 Nd4 $1 {[%cal Rd4e2]} 23. Kf1 Rxd6 24. bxc5 bxc5 25. Rab1 Be4 26. Rb2 Rf6 (26... Nf6 $11) 27. Ne1 {[%cal Bf3e1,Be1d3,Bd3f2,Bf2e4][%mdl 32]} Ng5 28. Nd3 Rc6 {[#]} ({Black should play} 28... Nf5 $14 29. Kg1 (29. Bxc5 Rc8 $11) 29... Bxd3 30. Rxd3 Nd4) 29. f3 (29. Nxc5 $1 $18 {[%mdl 512] aiming for h4.} Bf5 (29... Rxc5 30. Rxd4) 30. Rb7+ Kg8 31. Nd7 Nxe2 32. Kxe2) 29... Bf5 {[#]} 30. Rb7+ (30. Nxc5 $1 $16 {[%mdl 512]} Rd8 (30... Rxc5 31. Rxd4) 31. Nb3) 30... Kf6 (30... Kg8 $11) 31. Nf2 h5 32. h4 Nf7 $1 33. g4 $36 {[%mdl 2048] White fights for an advantage.} hxg4 34. fxg4 Be6 ({Black should try} 34... Bc8 $14 35. Ra7 Nxe2 36. Kxe2 Kg7) 35. Bh6 (35. Bd3 $16) 35... Nxe2 $2 {[%mdl 8192]} (35... e4 $14 36. Nxe4+ Ke5 37. Rxf7 Bxf7) 36. Ne4# {Precision: White = 22%, Black = 11%.} 1-0

[Event "Cellavision Cup 2018"]
[Site "Lund"]
[Date "2018.08.03"]
[Round "1"]
[White "Andersson, Lars"]
[Black "Shirov, Alexei"]
[Result "0-1"]
[WhiteElo "1996"]
[BlackElo "2631"]
[Annotator "TA"]
[PlyCount "54"]
[EventDate "2018.08.03"]
[EventType "swiss"]
[EventCountry "SWE"]
[SourceTitle "playchess.com"]
[Source "ChessBase"]
[SourceQuality "1"]

{[%evp 15,54,8,0,0,8,0,22,-24,11,0,25,22,26,0,7,-33,-6,-102,-104,-104,-104,-103,-90,-111,-83,-68,-64,-156,-147,-239,-169,-179,-158,-297,-145,-99,-43,-700,-692,-1284,-1281]} 1. f4 g6 2. Nf3 Bg7 3. g3 d6 4. d3 e5 5. Nc3 {[%cal Bb1c3,Bc3e2,Be2g1,Bg1f3][%mdl 32]} Ne7 6. Bg2 Nbc6 7. O-O O-O 8. e4 Nd4 {LiveBook: 5 Games. A02: Bird's Opening} (8... exf4 9. gxf4 f5 10. Ne2 fxe4 11. dxe4 d5 12. e5 Nf5 13. Ng3 Nce7 14. Qe2 Be6 15. Ng5 Qd7 16. Bd2 {½-½ (89) Laznicka,V (2657)-Bryzgalin,K (2459) Pardubice 2015}) 9. Nxd4 exd4 10. Ne2 f5 {The position is equal.} 11. Kh1 $146 ({Predecessor:} 11. Bd2 d5 12. e5 c5 13. h3 Be6 14. Kh2 Nc6 15. Ng1 Qd7 16. Nf3 {½-½ (31) Robatsch,K-Trifunovic,P Vienna 1953}) 11... Bd7 12. Ng1 Bc6 13. Re1 Qd7 14. Nf3 Rae8 15. Re2 Kh8 (15... Nc8 $5 {[%cal Rf5e4]} 16. e5 dxe5 17. fxe5 Bxf3 18. Bxf3 Bxe5 $15) 16. Qg1 (16. Kg1 $11) 16... fxe4 $17 17. dxe4 {[#]} Nf5 $1 {[%mdl 512]} 18. Ne1 (18. exf5 Rxe2) 18... Re7 19. Nd3 Rfe8 {[%cal Rc6e4]} 20. Nf2 {[#]} Ne3 $1 {[%mdl 512]} 21. Bf3 (21. Bxe3 $15 dxe3 22. Rxe3) 21... Bb5 22. Rd2 (22. Rxe3 $17 {was called for.} dxe3 23. Bxe3) 22... c5 $36 {[%mdl 2048] Black is on the roll.} 23. h4 c4 24. h5 {[#]} (24. Rb1 $17) 24... c3 (24... g5 $1 $19 {[%mdl 512] is more deadly. ...gxf4 is the strong threat.} 25. a4 (25. fxg5 d5) 25... Bc6) 25. bxc3 dxc3 {[#]} (25... g5 $17 {Threatens to win with ...gxf4.} 26. cxd4 gxf4 27. gxf4 Rg8) 26. Rd3 $2 {[%mdl 8192]} (26. Rxd6 $1 $15 {[%mdl 512]} Qxd6 27. Bxe3) 26... Nxc2 $19 27. Rb1 Bxd3 {Precision: White = 24%, Black = 37%.} 0-1